El siglo XIX : I.

Guardado en:
Formato: Deslizar
Series:Historia del arte
Materias:
Etiquetas: Agregar Etiqueta
Sin Etiquetas, Sea el primero en etiquetar este registro!
LEADER 00803ngm a22002295g 4500
001 CEM.cems022593
008 130507b2001##################0###0#####d
005 20241108142209.0
245 0 0 |a El siglo XIX :  |b I. 
300 |a 31'. 
490 0 |a Historia del arte 
500 |a En soporte VHS, consultar en ventanilla. 
505 0 |a El arte racional y revisionismo histórico. El arte de Goya como contraste. El impresionismo y su presencia revolucionaria. 
538 |a Soporte: VHS - Norma: Pal N - Color: Si - Grabación DRD 2001 - Hitachi=1725 
082 7 0 |/ ART-4 
653 |a ARTE 
653 |a HISTORIA DEL ARTE 
653 |a PINTURA 
653 |a IMPRESIONISMO 
653 |a NIVEL PRIMARIO 
653 |a NIVEL SECUNDARIO 
859 |a CEMS  |b BIB. CEMS - Depto. Recursos Didacticos  |h 709  |i ART-4  |k DRD  |p 1236.12  |t Ej.1